Spongebob Squarepants Quiz Stats

Quiz not verified by Sporcle

Challenge
Share
Tweet
Embed
Score 0/32 Timer 07:00
0 Plays Today
% Correct
patrick
98.7%
sandy
97.4%
spongebob
97.4%
mr. krabs
94.7%
mrs. puff
94.7%
gary
92.1%
larry
89.5%
mermaid man
86.8%
pearl
86.8%
barnacle boy
84.2%
plankton
84.2%
squidward
78.9%
karen
77.6%
dirty bubble
76.3%
manray
72.4%
patchy the pirate
60.5%
% Correct
mrs. squarepants
56.6%
doodlebob
56.6%
mr. squarepants
55.3%
squilliam
51.3%
potty
50%
old man jenkins
43.4%
flats
38.2%
bubble buddy
35.5%
bubble bass
34.2%
fred
30.3%
stanly
18.4%
scooter
17.1%
jellyfish
15.8%
tom
9.2%
don the whale
9.2%
lou
3.9%

You're not logged in!

Compare scores with friends on all Sporcle quizzes.
Join for Free
OR
Log In

You Might Also Like...

Show Comments

Extras

Top Quizzes Today


Score Distribution

Your Account Isn't Verified!

In order to create a playlist on Sporcle, you need to verify the email address you used during registration. Go to your Sporcle Settings to finish the process.

Report this User

Report this user for behavior that violates our Community Guidelines.

Details: